Datum a čas kvízu
38.5
Celkem bodů
Celkový počet nahraných bodů na tomto kvízu bez doplňovacích otázek.
1.
Pořadí na kvízu
Konečné umístění týmu na tomto kvízu.
Zaznamenané odpovědi
| # | Otázka | Odpověď | Body | Výsledky |
|---|---|---|---|---|
| 1. | V posledních týdnech se do Čes... | spalničky | 1 | |
| 2. | Po skandálu s udělením milosti... | Maďarsko | 1 | |
| 3. | Městské divadlo v Brně v sobot... | Bílá voda | 0 | |
| 4. | Která automobilka získala s je... | Mercedes | 1 | |
| 5. | V pondělí došlo ve španělské f... | strčil hráči prst do zadku | 1 | |
| 6. | Vítězné téma facebookového hla... | 1A 2D 3B 4C | 1 | |
| 7. | Dne 4. ledna 1997 došlo ke sňa... | Havel, Veškrnová | 1 | |
| 8. | Říká vám něco jméno herečky Šá... | Irenka (Irena) | 1 | |
| 9. | Kolik tlačítek má na své předn... | tři | 1 | |
| 10. | Ke které obci se v souvislosti... | Drnovice | 0 |